Allgemeine Weltgeschichte Register

Saved in:
Bibliographic Details
Main Author: Weber, Georg
Format: Book
Language:German
Published: Leipzig Engelmann 1883
Edition:2. Aufl.
Tags: Add Tag
No Tags, Be the first to tag this record!

MARC

LEADER 00000nam a2200000 4500
001 c121464
005 20200820090549.1
041 0 |a ger 
044 |a DE 
245 1 0 |a Allgemeine Weltgeschichte  |b Register  |c Georg Weber 
250 |a 2. Aufl. 
264 1 |a Leipzig  |b Engelmann  |c 1883 
300 |a 189 s. 
100 1 |a Weber, Georg